UM Logo

Bishop warns authoritarianism/ (Record no. 9620)

MARC details
000 -LEADER
fixed length control field 00357nam a2200121 4500
008 - FIXED-LENGTH DATA ELEMENTS--GENERAL INFORMATION
fixed length control field 180712b ||||| |||| 00| 0 eng d
100 ## - MAIN ENTRY--PERSONAL NAME
9 (RLIN) 28557
Personal name Aurelio, Julie M.
245 ## - TITLE STATEMENT
Title Bishop warns authoritarianism/
Statement of responsibility, etc. Julie M. Aurelio
260 ## - PUBLICATION, DISTRIBUTION, ETC. (IMPRINT)
Place of publication, distribution, etc. Philippines
Name of publisher, distributor, etc. Philippine Daily Inquirer
Date of publication, distribution, etc. c2017
300 ## - PHYSICAL DESCRIPTION
Extent page A6.
650 #0 - SUBJECT ADDED ENTRY--TOPICAL TERM
9 (RLIN) 28558
Topical term or geographic name as entry element Religion.
942 ## - ADDED ENTRY ELEMENTS (KOHA)
Source of classification or shelving scheme Dewey Decimal Classification
Koha item type Periodicals
Holdings
Withdrawn status Lost status Source of classification or shelving scheme Damaged status Not for loan Collection code Home library Current library Date acquired Total Checkouts Date last seen Price effective from Koha item type Public note
    Dewey Decimal Classification     Periodicals UM Digos College - LIC UM Digos College - LIC 07/12/2018   07/12/2018 07/12/2018 Periodicals Newspaper Clippings